Informácia o vývoji zariadenia pre okamžitý posyp vozovky z vozidla

Podrobná bibliografia
Hlavný autor: Vlha, Rastislav (Autor)
Médium: Článok
Jazyk:slovenčina
ISSN:1210-0978
Predmet:

MARC

LEADER 00000nab a2200000 a 4500
001 vtls008424141
003 SK-MaSNL
005 20260304145218.0
008 250505c2005 xo qr|p|||||||000 b|slo
015 |a SNBRB2006/01  |2 snkbucl 
035 |a (uuid)493186f7-4f36-4526-ab5a-4e9f4808bce5 
035 |a urn:nbn:sk:snk-ab314h 
035 |a (urnnbn)urn:nbn:sk:snk:ar-a04iw2 
038 |a SNKBUCL 
040 |a SNKBUCL  |b slo  |c SNKBUCL  |e AACR2 
041 0 |a slo 
044 |a xo  |c SK 
080 |a 629.331.065.5:625.768.6  |2 1997 
100 1 |a Vlha, Rastislav  |4 aut  |9 1378909 
245 1 0 |a Informácia o vývoji zariadenia pre okamžitý posyp vozovky z vozidla  |c Rastislav Vlha 
650 0 7 |a osobné automobily  |2 snkbucl  |9 26643 
650 0 7 |a vozovky  |2 snkbucl  |9 3577 
650 0 7 |a posyp vozovky  |2 snkbucl  |9 1092683 
650 0 7 |a zariadenia na posyp vozovky  |2 snkbucl  |9 1467676 
773 0 |t Horizonty dopravy  |g Roč. XIII, č. 3 (2005), s. 32-33  |x 1210-0978 
850 |a Slovenská národná knižnica 
852 |a Slovenská národná knižnica 
954 |a odborná, vedecká literatúra pôvodná (slovenská)  |2 lita 
958 |a article27 
958 |a OND 
958 |a EUIPO 
999 |c 2934853  |d 2936783